000 00812nam a2200241 i 4500
001 bg
100 1 _aRYDZANICZ, Igor
245 1 0 _aRysunek techniczny jako zapis konstrukcji :
_bzadania /
_cIgor Rydzanicz.
250 _aWyd. 2 zm.
260 _aWarszawa :
_bWydawnictwa Naukowo-Techniczne,
_c1999.
300 _a145, [3] s. :
_bfot., rys. ;
_c29 cm.
504 _aBibliogr. s. [147].
521 _aPodręcznik dla studentów wydziałów mechanicznych wyższych uczelni technicznych oraz dla uczniów techników mechanicznych.
650 9 _aMaszyny
_xbudowa i konstrukcje
_xrysunek techniczny
655 _aPodręczniki
020 _a8320423724
040 _cBPK
041 0 _apol
080 _a744:621.01](07)
920 _a83-204-2372-4
942 _cKS
008 s pl f |000 0 pol
999 _c36158
_d36158
856 _uhttp://koha.tu.koszalin.pl/cgi-bin/koha/opac-detail.pl?biblionumber=36158
_yKatalog online BPK